[Event "GEO-ch Blitz (Women)"]
[Site "Tbilisi"]
[Date "2023.12.07"]
[Round "12"]
[White "Dolakidze, Mariam"]
[Black "Lagazauri, Tamar"]
[Result "0-1"]
[WhiteElo "1417"]
[BlackElo "1651"]
[PlyCount "66"]
[EventDate "2023.12.05"]
[EventType "swiss (blitz)"]
[EventRounds "13"]
[EventCountry "GEO"]
[SourceTitle "CB50_2023"]
[SourceDate "2023.12.13"]
[SourceVersion "1"]
[SourceVersionDate "2023.12.13"]
[SourceQuality "1"]

1. Nf3 Nf6 2. g3 c6 3. Bg2 d5 4. 0-0 Nbd7 5. d4 e6 6. b3 c5 7. c4 cxd4 8. cxd5 e5 9. e3 dxe3 10. Bxe3 Bd6 11. Nc3 0-0 12. Rc1 a6 13. Nd2 Ba3 14. Rc2 Nb6 15. Nde4 Bf5 16. Nxf6+ Qxf6 17. Be4 Bh3 18. Bg2 Bxg2 19. Kxg2 Nd7 20. Ne4 Qg6 21. f3 f5 22. Nf2 f4 23. Bc1 Bc5 24. Ne4 Rac8 25. Bb2 fxg3 26. hxg3 Bb4 27. Qe2 Rxc2 28. Qxc2 Nb6 29. Bxe5 Be7 30. a4 Nxd5 31. Qc4 Qf7 32. Qd4 Nf6 33. Qe3 Nxe4 0-1

[Event "GEO-ch Blitz (Women)"]
[Site "Tbilisi"]
[Date "2023.12.07"]
[Round "9"]
[White "Lagazauri, Tamar"]
[Black "Batsiashvili, Nino"]
[Result "0-1"]
[WhiteElo "1651"]
[BlackElo "2451"]
[PlyCount "60"]
[EventDate "2023.12.05"]
[EventType "swiss (blitz)"]
[EventRounds "13"]
[EventCountry "GEO"]
[SourceTitle "CB50_2023"]
[SourceDate "2023.12.13"]
[SourceVersion "1"]
[SourceVersionDate "2023.12.13"]
[SourceQuality "1"]

1. c4 f5 2. Nc3 Nf6 3. d3 g6 4. g3 Bg7 5. Bg2 0-0 6. e4 d6 7. Nge2 e5 8. 0-0 Nc6 9. Nd5 Nh5 10. Rb1 Nd4 11. Nxd4 exd4 12. exf5 c6 13. Nb4 a5 14. Nc2 Qe8 15. fxg6 Qxg6 16. Be4 Bf5 17. Bxf5 Rxf5 18. b4 a4 19. Bb2 c5 20. bxc5 dxc5 21. Ba3 b6 22. Qe2 Re8 23. Qd2 Nf4 24. Ne1 Qg4 25. Ng2 Nh3+ 26. Kh1 Re2 27. Qd1 Nxf2+ 28. Rxf2 Rfxf2 29. Rb2 Qf3 30. Rxe2 Qxg2# 0-1

[Event "GEO-ch Blitz (Women)"]
[Site "Tbilisi"]
[Date "2023.12.06"]
[Round "7"]
[White "Lagazauri, Tamar"]
[Black "Janiashvili, Mariam"]
[Result "0-1"]
[WhiteElo "1651"]
[BlackElo "1940"]
[PlyCount "72"]
[EventDate "2023.12.05"]
[EventType "swiss (blitz)"]
[EventRounds "13"]
[EventCountry "GEO"]
[SourceTitle "CB50_2023"]
[SourceDate "2023.12.13"]
[SourceVersion "1"]
[SourceVersionDate "2023.12.13"]
[SourceQuality "1"]

1. c4 c5 2. Nc3 Nc6 3. g3 g6 4. Bg2 Bg7 5. d3 e6 6. e4 Nge7 7. Nge2 0-0 8. 0-0 Nd4 9. f4 d6 10. Be3 Qb6 11. Rb1 Bd7 12. Qd2 Rac8 13. h3 Rfd8 14. g4 Bc6 15. Kh2 d5 16. exd5 exd5 17. cxd5 Nxd5 18. Nxd5 Bxd5 19. Bxd4 Bxd4 20. Nxd4 Bxg2 21. Kxg2 Rxd4 22. Rfe1 c4 23. Qc3 Rxd3 24. Qe5 Rd2+ 25. Re2 Rcd8 26. Rbe1 Qc6+ 27. Kg3 b5 28. Rxd2 Rxd2 29. Qe8+ Qxe8 30. Rxe8+ Kg7 31. Ra8 Rxb2 32. Rxa7 c3 33. Rc7 b4 34. a3 bxa3 35. Rxc3 a2 36. Ra3 Rb3+ 0-1

[Event "EU-ch Online U18 Girls"]
[Site "Tornelo INT"]
[Date "2020.09.20"]
[Round "8"]
[White "Chrysogelou, Athanasia Panagiota"]
[Black "Lagazauri, Tamar"]
[Result "0-1"]
[WhiteElo "1957"]
[BlackElo "1657"]
[PlyCount "64"]
[EventDate "2020.09.18"]
[EventType "swiss (rapid)"]
[EventRounds "9"]
[EventCountry "ENG"]
[SourceTitle "CBM 198 Extra"]
[Source "ChessBase"]
[SourceDate "2020.11.30"]
[SourceVersion "1"]
[SourceVersionDate "2020.11.30"]
[SourceQuality "1"]

1. d4 d5 2. c4 e6 3. Nf3 Nf6 4. e3 Nbd7 5. Nbd2 b6 6. Qc2 Bb7 7. Bd3 Bd6 8. 0-0 0-0 9. Re1 c5 10. b3 Rc8 11. Bb2 Re8 12. e4 dxe4 13. Nxe4 Nxe4 14. Bxe4 Bxe4 15. Qxe4 Nf6 16. Qc2 cxd4 17. Nxd4 Ng4 18. h3 Nf6 19. Rad1 a6 20. Nf3 Qc7 21. Ng5 e5 22. Ne4 Nxe4 23. Qxe4 Rcd8 24. Rd3 f6 25. Red1 Be7 26. Rd5 Rxd5 27. Qxd5+ Kf8 28. Qe4 g6 29. Rd5 Rd8 30. Qd3 Rxd5 31. Qxd5 Qd8 32. Qxd8+ Bxd8 0-1

[Event "EU-ch U14 Girls 26th"]
[Site "Prague"]
[Date "2016.08.27"]
[Round "9"]
[White "Lagazauri, Tamar"]
[Black "Grimaldi, Angela Flavia"]
[Result "1-0"]
[WhiteElo "1505"]
[BlackElo "1662"]
[PlyCount "75"]
[EventDate "2016.08.18"]
[EventType "swiss"]
[EventRounds "9"]
[EventCountry "CZE"]
[SourceTitle "CBM 174 Extra"]
[Source "ChessBase"]
[SourceDate "2016.10.10"]
[SourceVersion "1"]
[SourceVersionDate "2016.10.10"]
[SourceQuality "1"]

1. c4 e5 2. Nc3 Nf6 3. g3 g6 4. Bg2 Bg7 5. e3 0-0 6. Nge2 d6 7. 0-0 Re8 8. d4 e4 9. h3 h5 10. Kh2 Bf5 11. a3 a5 12. Bd2 Nbd7 13. b4 axb4 14. axb4 c6 15. Qb3 Nh7 16. Nf4 Ndf6 17. c5 Ng5 18. Rxa8 Qxa8 19. Qa4 Qc8 20. Qd1 Ne6 21. Nxe6 Qxe6 22. cxd6 Nh7 23. Ne2 g5 24. Bc3 Qxd6 25. Qb3 h4 26. b5 g4 27. Nf4 gxh3 28. Nxh3 Bxh3 29. Bxh3 Ng5 30. Kg2 Nxh3 31. Kxh3 Qf6 32. Qd1 Qh6 33. gxh4 f5 34. Rg1 Kf7 35. Qb3+ Ke7 36. Bb4+ Kd8 37. Qf7 Bf6 38. Ba5+ 1-0

[Event "EU-ch U14 Girls 26th"]
[Site "Prague"]
[Date "2016.08.19"]
[Round "2"]
[White "Lagazauri, Tamar"]
[Black "Pipia, Ekaterine"]
[Result "0-1"]
[WhiteElo "1505"]
[BlackElo "1661"]
[PlyCount "68"]
[EventDate "2016.08.18"]
[EventType "swiss"]
[EventRounds "9"]
[EventCountry "CZE"]
[SourceTitle "CBM 174 Extra"]
[Source "ChessBase"]
[SourceDate "2016.10.10"]
[SourceVersion "1"]
[SourceVersionDate "2016.10.10"]
[SourceQuality "1"]

1. d4 d5 2. c3 Nf6 3. Bf4 Bf5 4. Nd2 e6 5. e3 Be7 6. Ngf3 h6 7. Be2 0-0 8. 0-0 c5 9. h3 Nc6 10. Ne5 Rc8 11. Qb3 cxd4 12. exd4 Nxe5 13. Bxe5 Bd6 14. Bxd6 Qxd6 15. Rfe1 Nd7 16. Nf3 Be4 17. Rad1 a5 18. Qb5 Ra8 19. Nd2 Bg6 20. Nf3 Rfc8 21. Bd3 Bxd3 22. Rxd3 Rc6 23. Qa4 b5 24. Qb3 a4 25. Qc2 b4 26. Qd2 Rcc8 27. Rc1 Nf6 28. Ne5 Ne4 29. Qe2 Rc7 30. f3 Nf6 31. Rdd1 a3 32. bxa3 bxc3 33. Nd3 Qxa3 34. Nc5 Qxa2 0-1

[Event "EU-ch U14 Girls 26th"]
[Site "Prague"]
[Date "2016.08.18"]
[Round "1"]
[White "Kucharska, Honorata"]
[Black "Lagazauri, Tamar"]
[Result "1-0"]
[WhiteElo "1851"]
[BlackElo "1505"]
[PlyCount "145"]
[EventDate "2016.08.18"]
[EventType "swiss"]
[EventRounds "9"]
[EventCountry "CZE"]
[SourceTitle "CBM 174 Extra"]
[Source "ChessBase"]
[SourceDate "2016.10.10"]
[SourceVersion "1"]
[SourceVersionDate "2016.10.10"]
[SourceQuality "1"]

1. e4 d6 2. d4 Nf6 3. Nc3 g6 4. Nf3 Bg7 5. Bc4 0-0 6. 0-0 Bg4 7. h3 Bxf3 8. Qxf3 c6 9. Bg5 Nbd7 10. Rad1 Qc7 11. a4 h6 12. Bh4 Rfe8 13. Rfe1 e5 14. d5 a6 15. dxc6 bxc6 16. Qd3 Nb6 17. Bb3 Red8 18. a5 Nc8 19. Qc4 g5 20. Bg3 Nh5 21. Nd5 Qb7 22. Ne3 Nf4 23. Bxf4 gxf4 24. Nf5 Rd7 25. Ba4 Na7 26. Nxd6 Qc7 27. Nf5 Nb5 28. Rxd7 Qxd7 29. Qc5 Re8 30. Bxb5 cxb5 31. Qb6 Re6 32. Qc5 Re8 33. Qc3 Re6 34. Qf3 Qc7 35. Qd3 Qxa5 36. Rd1 Qc7 37. c3 Kh7 38. Qe2 Qc4 39. Qxc4 bxc4 40. Rd6 Bf8 41. Rxe6 fxe6 42. Nh4 Kg7 43. Nf3 Bd6 44. Nd2 Bc7 45. Nxc4 Kf7 46. Kf1 Ke7 47. Ke2 Kd7 48. g4 Kc6 49. b3 Kc5 50. Kd3 a5 51. f3 Kb5 52. Na3+ Kc5 53. Nc2 Bd8 54. b4+ axb4 55. cxb4+ Kb5 56. Kc3 Be7 57. Kb3 Bd8 58. Na3+ Kc6 59. Kc4 Be7 60. Nb1 Kb6 61. Nc3 Kc6 62. Na4 Bh4 63. b5+ Kd6 64. Nc5 Bf2 65. Nd3 Bb6 66. Kb4 Bd8 67. Nb2 Kc7 68. Nc4 Bf6 69. b6+ Kc6 70. Ka5 Kc5 71. Ka6 Bd8 72. Nxe5 Kb4 73. Nc6+ 1-0